| 000 | 00573nam a22001817a 4500 | ||
|---|---|---|---|
| 005 | 2010111007207.0 | ||
| 008 | 101110t xxu||||| |||| 00| 0 eng d | ||
| 080 |
_a578 _bHUL |
||
| 100 |
_aHull, Roger _913745 |
||
| 245 | _aComparative plant virology | ||
| 300 | _axvi, 376p. | ||
| 653 |
_aPlant viruses _aVirology -Plant |
||
| 942 | _cBK | ||
| 260 |
_aBurlington _bElsevier _c2009 _913746 |
||
| 250 | _a2nd ed. | ||
| 020 | _a9780123741547 | ||
| 952 |
_w2010-11-10 _p00064015 _r2010-12-08 _40 _00 _bUL _10 _o578 HUL _d2010-11-10 _70 _cGEN _2udc _yBK _s2010-12-03 _l1 _aUL |
||
| 999 |
_c68583 _d68582 |
||